[Event "Weekend Accademia"]
[Site "Roma ITA"]
[Date "1996.??.??"]
[Round "5"]
[White "Failli, Riccardo"]
[Black "Donia, Massimiliano"]
[Result "0-1"]
[WhiteElo "1684"]
[BlackElo "1956"]
[PlyCount "69"]
[EventDate "1996.??.??"]

1. e4 c5 2. Nf3 Nc6 3. d4 cxd4 4. Nxd4 g6 5. c4 Bg7 6. Be3 Nf6 7. Nc3 Ng4 8.
Qxg4 Nxd4 9. Qd1 Ne6 10. Qc2 Qa5 11. Rc1 b6 12. g3 Bb7 13. Bg2 Rc8 14. b3 b5
15. Bd2 bxc4 16. Nd5 Qd8 17. bxc4 Nd4 18. Qa4 Bc6 19. Qxa7 Bxd5 20. exd5 Ra8
21. Qb7 Rxa2 22. Be4 O-O 23. Qb1 Ra3 24. Bc3 Rxc3 25. Rxc3 Qa5 26. Kd2 Nf3+ 27.
Bxf3 Qxc3+ 28. Ke2 Qxc4+ 29. Qd3 Qa4 30. Rc1 Rb8 31. Rc2 d6 32. h4 h5 33. Kf1
Rb1+ 34. Kg2 Qa1 35. Kh3 0-1

[Event "Weekend Accademia"]
[Site "Roma ITA"]
[Date "1996.??.??"]
[Round "5"]
[White "Farina, Saverio"]
[Black "Scacco, Mauro"]
[Result "0-1"]
[WhiteElo "2170"]
[BlackElo "2055"]
[PlyCount "100"]
[EventDate "1996.??.??"]

1. d4 Nf6 2. c4 g6 3. Nc3 Bg7 4. e4 O-O 5. Nge2 d6 6. Ng3 e5 7. d5 Ng4 8. h4 f5
9. exf5 gxf5 10. Nh5 Bh8 11. f3 Nf6 12. Bg5 Qe8 13. Nxf6+ Bxf6 14. Qd2 a6 15.
Bd3 Bg7 16. Bh6 Qg6 17. Bxg7 Qg3+ 18. Kd1 Qxg7 19. Kc2 Nd7 20. g4 fxg4 21. fxg4
Nc5 22. Ne4 Nxe4 23. Bxe4 Rf4 24. Bf5 Rxc4+ 25. Kb3 Rd4 26. Qg5 Bxf5 27. gxf5
Qxg5 28. hxg5 Rxd5 29. Rh6 Rf8 30. Rah1 Rxf5 31. Rxh7 Rxg5 32. Rxc7 Rb5+ 33.
Ka3 e4 34. Rhh7 Ra5+ 35. Kb3 Rab5+ 36. Kc3 Rbc5+ 37. Kd4 Rxc7 38. Rxc7 Re5 39.
Ke3 d5 40. Kd4 Re8 41. Kxd5 e3 42. Rc1 e2 43. Re1 Rd8+ 44. Kc4 Re8 45. Kb4 Kf7
46. Kc3 Kf6 47. Kd2 Rd8+ 48. Kxe2 Re8+ 49. Kd2 Rxe1 50. Kxe1 50... Ke5 {...}
0-1

[Event "Weekend Accademia"]
[Site "Roma ITA"]
[Date "1996.??.??"]
[Round "5"]
[White "Franchi, Jose' Maria"]
[Black "Tosoni, Augusto"]
[Result "1-0"]
[WhiteElo "1876"]
[BlackElo "2008"]
[PlyCount "35"]
[EventDate "1996.??.??"]

1. e4 c5 2. c3 e6 3. d4 d5 4. exd5 exd5 5. Nf3 Nf6 6. Bb5+ Bd7 7. Bxd7+ Nbxd7
8. O-O Be7 9. dxc5 Nxc5 10. Na3 O-O 11. Nb5 Qd7 12. Nbd4 Rfe8 13. Ne5 Qc8 14.
Bg5 Nce4 15. Bxf6 Bxf6 16. Ng4 Bxd4 17. cxd4 Qe6 18. Re1 $139 1-0

[Event "Weekend Accademia"]
[Site "Roma ITA"]
[Date "1996.??.??"]
[Round "5"]
[White "Galdelli, Fabiano"]
[Black "Gaudino, Gaetano"]
[Result "1-0"]
[WhiteElo "1738"]
[BlackElo "1585"]
[PlyCount "105"]
[EventDate "1996.??.??"]

1. e4 e5 2. Nf3 Nc6 3. Bb5 d6 4. d4 exd4 5. Nxd4 Bd7 6. Bxc6 Bxc6 7. Nxc6 bxc6
8. c4 Nf6 9. Nc3 Be7 10. Qa4 Qd7 11. O-O O-O 12. Bg5 h6 13. Bh4 Qg4 14. Bg3 Nh5
15. Qxc6 Nxg3 16. hxg3 Rab8 17. Nd5 Bd8 18. b3 Kh8 19. Rfe1 Qg5 20. Re3 Qe5 21.
Rae1 Bf6 22. Qxc7 Rbd8 23. Qa5 Qd4 24. Nxf6 gxf6 25. Rf3 Rg8 26. Qh5 Rg6 27.
Qd5 Qb2 28. Qa5 Rdg8 29. Qxa7 R8g7 30. Qb8+ Kh7 31. Qxd6 f5 32. Qf4 fxe4 33.
Qxe4 Qxa2 34. Qd3 Qa7 35. b4 Qb6 36. Rb1 Kg8 37. c5 Qc6 38. Qc3 Qb5 39. Rd1 Qe2
40. Re1 Qb5 41. Rfe3 Qa4 42. Qd2 Rg4 43. Qd3 R4g6 44. b5 f5 45. Re8+ Kh7 46.
R8e7 Rf6 47. Rxg7+ Kxg7 48. c6 Qb4 49. Rd1 Qc5 50. Qe2 Kg6 51. Rd7 Qc1+ 52. Kh2
f4 53. Qg4# 1-0

[Event "Weekend Accademia"]
[Site "Roma ITA"]
[Date "1996.??.??"]
[Round "5"]
[White "Galeno, Giorgio"]
[Black "De Carolis, Maurizio"]
[Result "1-0"]
[WhiteElo "1680"]
[BlackElo "1555"]
[PlyCount "103"]
[EventDate "1996.??.??"]

1. d4 Nf6 2. c4 g6 3. Nc3 Bg7 4. e4 d6 5. Nge2 O-O 6. Ng3 e5 7. d5 Ne8 8. h4 f5
9. exf5 gxf5 10. Bg5 Qd7 11. Qd2 f4 12. Nh5 h6 13. Bd3 hxg5 14. hxg5 Qe7 15.
Nxg7 Nxg7 16. Bh7+ Kf7 17. Ne4 Nd7 18. b4 b6 19. Qc2 Ke8 20. O-O-O a5 21. Bg6+
Kd8 22. b5 Nc5 23. Nf6 Bd7 24. Rh7 Kc8 25. Rdh1 Kb7 26. Rxg7 Qxg7 27. Rh7 Bf5
28. Qxf5 Rxf6 29. Rxg7 Rxf5 30. Bxf5 e4 31. Kd2 Rf8 32. Bh7 Nd3 33. Bxe4 Nxf2
34. Bf3 Re8 35. g6 Ne4+ 36. Bxe4 Rxe4 37. Rf7 Re5 38. Rxf4 Rg5 39. g4 Rxg6 40.
Ke3 Kc8 41. Ke4 Rg5 42. Kf3 Rg7 43. Rf6 Kd8 44. Kf4 Ke7 45. g5 a4 46. Kf5 a3
47. g6 Ke8 48. Re6+ Kf8 49. Re3 Rd7 50. Kf6 Rd8 51. g7+ Kg8 52. Rh3 1-0

[Event "Weekend Accademia"]
[Site "Roma ITA"]
[Date "1996.??.??"]
[Round "5"]
[White "Giangregorio, Pasquale"]
[Black "Pieroni, Marco"]
[Result "0-1"]
[WhiteElo "1767"]
[BlackElo "1705"]
[PlyCount "84"]
[EventDate "1996.??.??"]

1. c4 c6 2. g3 d5 3. cxd5 cxd5 4. Bg2 Nf6 5. d4 Bg4 6. Nf3 Nc6 7. O-O e6 8. h3
Bh5 9. Bf4 Bd6 10. Ne5 Qc7 11. g4 Bg6 12. Qa4 Ke7 13. Nxc6+ bxc6 14. Bxd6+ Qxd6
15. Nc3 h5 16. g5 Nd7 17. e4 Nb6 18. e5 Qb8 19. Qxc6 Rc8 20. Qb5 Nc4 21. Qxb8
Raxb8 22. b3 Na3 23. Rac1 Nc2 24. Rfd1 Rxc3 25. Rd2 Rbc8 26. f4 Ne3 27. Rxc3
Rxc3 28. Kf2 Nxg2 29. Kxg2 Rc2 30. Rxc2 Bxc2 31. Kf2 Bb1 32. a3 Ba2 33. b4 Kd7
34. Ke3 Kc6 35. f5 g6 36. fxg6 fxg6 37. Kd3 Bc4+ 38. Kc3 h4 39. a4 a6 40. Kd2
Bf1 41. b5+ Kb6 42. bxa6 Kxa6 0-1

[Event "Weekend Accademia"]
[Site "Roma ITA"]
[Date "1996.??.??"]
[Round "5"]
[White "Latini, Carlo"]
[Black "Perotti, Germano"]
[Result "0-1"]
[WhiteElo "1701"]
[BlackElo "1717"]
[PlyCount "64"]
[EventDate "1996.??.??"]

1. e4 g6 2. d4 d6 3. Nc3 Nf6 4. f4 Bg7 5. Nf3 c5 6. e5 Nfd7 7. exd6 O-O 8. dxe7
Qxe7+ 9. Qe2 Qd8 10. Qf2 Nc6 11. Bd3 Re8+ 12. Ne2 Nxd4 13. O-O Nxe2+ 14. Bxe2
b6 15. Kh1 Bb7 16. c3 Nf6 17. Bb5 Re7 18. Qc2 Be4 19. Qf2 a6 20. Bc4 b5 21. Be2
Qc7 22. Bd2 Rd8 23. Rae1 Bb7 24. Bc1 Ne4 25. Qh4 Bf6 26. Ng5 Nxg5 27. fxg5 Re4
28. Qf2 Be5 29. h3 Bg3 30. Qg1 Bxe1 31. Bf3 Rh4 32. Bxb7 Qxb7 0-1

[Event "Weekend Accademia"]
[Site "Roma ITA"]
[Date "1996.??.??"]
[Round "5"]
[White "Laudati, Adriano"]
[Black "Papetti, Francesco"]
[Result "1/2-1/2"]
[WhiteElo "1870"]
[BlackElo "1705"]
[PlyCount "83"]
[EventDate "1996.??.??"]

1. e4 c6 2. Nc3 d5 3. Qf3 d4 4. Bc4 Nf6 5. e5 dxc3 6. exf6 exf6 7. dxc3 Be7 8.
Qg3 g6 9. Bd2 O-O 10. O-O-O Qa5 11. h4 Be6 12. Bxe6 fxe6 13. Kb1 Nd7 14. Nf3
Rad8 15. h5 g5 16. Nd4 Qd5 17. Rhe1 Nc5 18. f3 e5 19. Nf5 Rfe8 20. Qh3 Ne6 21.
Ne3 Qd7 22. Bc1 Qc8 23. Nf5 Bf8 24. Qg4 Kh8 25. Qc4 Nf4 26. Bxf4 Qxf5 27. Be3
Rd7 28. Qe4 Rxd1+ 29. Rxd1 Qe6 30. g4 a6 31. a3 Bd6 32. Bf2 Bc7 33. Rd3 Rd8 34.
Rxd8+ Bxd8 35. Qd3 Bc7 36. c4 Qd6 37. Qxd6 Bxd6 38. c3 Kg8 39. Kc2 Kf7 40. Kd3
Ke6 41. Ke4 Bc7 42. a4 1/2-1/2

[Event "Weekend Accademia"]
[Site "Roma ITA"]
[Date "1996.??.??"]
[Round "5"]
[White "Ludovici, Roberto"]
[Black "Quaglia, Ferdinando"]
[Result "1-0"]
[WhiteElo "1713"]
[BlackElo "1541"]
[PlyCount "137"]
[EventDate "1996.??.??"]

1. e4 Nf6 2. e5 Nd5 3. d4 d6 4. Nf3 Bg4 5. Bc4 e6 6. O-O dxe5 7. dxe5 c6 8.
Nbd2 Nd7 9. Re1 Be7 10. Nf1 O-O 11. h3 Bxf3 12. Qxf3 Bg5 13. a3 Bxc1 14. Raxc1
Qg5 15. Qe4 Nf4 16. Ng3 Nb6 17. Bb3 Nbd5 18. Rcd1 Ng6 19. Rd3 Nh4 20. Rd4 Nf5
21. Nxf5 exf5 22. Qf3 Nb6 23. e6 fxe6 24. Rxe6 Kh8 25. Rf4 Nd5 26. Bxd5 cxd5
27. h4 Qd8 28. Rxf5 Rxf5 29. Qxf5 Qxh4 30. Qxd5 Rd8 31. Rd6 Re8 32. Qd2 h6 33.
Rd7 Qe4 34. Rd8 Qe7 35. Rxe8+ Qxe8 36. c4 b6 37. b4 Qe5 38. Qd8+ Kh7 39. Qd3+
Kh8 40. g3 a5 41. Kh2 Kg8 42. Qd8+ Kf7 43. Qd7+ Qe7 44. Qd5+ Qe6 45. Qd4 Qf6
46. Qe3 g6 47. c5 axb4 48. axb4 bxc5 49. bxc5 Qc6 50. Qf4+ Kg7 51. Qd4+ Kf7 52.
f4 Qe6 53. Qb2 Qa6 54. Qb3+ Ke7 55. Qb2 Qe6 56. Qb7+ Kd8 57. Qg2 Kc7 58. Qb2
Qe7 59. Qb6+ Kc8 60. Qxg6 Qe2+ 61. Kh3 Qf1+ 62. Kg4 h5+ 63. Qxh5 Qd1+ 64. Kg5
Qd8+ 65. Kf5 Qd5+ 66. Kg6 Qg8+ 67. Kf6 Qd8+ 68. Ke5 Qe7+ 69. Kd4 1-0

[Event "Weekend Accademia"]
[Site "Roma ITA"]
[Date "1996.??.??"]
[Round "5"]
[White "Marta, Daniele"]
[Black "Sarrecchia, Maurizio"]
[Result "1/2-1/2"]
[WhiteElo "1732"]
[BlackElo "1576"]
[PlyCount "92"]
[EventDate "1996.??.??"]

1. d4 Nf6 2. Nf3 g6 3. Bg5 Ne4 4. Bh4 Bg7 5. Nbd2 Nxd2 6. Qxd2 d5 7. e3 O-O 8.
Bd3 c5 9. c3 cxd4 10. exd4 Nd7 11. O-O Nf6 12. Rfe1 b6 13. Ne5 Bb7 14. f4 Ne4
15. Qe2 Qd6 16. Rf1 f5 17. Kh1 Rac8 18. a4 a5 19. Bb5 Rc7 20. Be1 e6 21. Rf3 g5
22. fxg5 Nxg5 23. Rf1 Ne4 24. Nf3 Rf6 25. Nd2 Rh6 26. h3 Bf6 27. Nxe4 dxe4 28.
Qe3 Rg6 29. Be8 Rcg7 30. Bxg6 Rxg6 31. h4 Rg4 32. g3 Bd8 33. Rf4 Rg7 34. Rd1
Bc7 35. Rf1 Rg4 36. Rf4 Rxf4 37. gxf4 Qxf4 38. Qxf4 Bxf4 39. c4 e3+ 40. d5 exd5
41. cxd5 Bd6 42. Kg2 Kf7 43. Bc3 Kg6 44. Kf3 f4 45. Rg1+ Kh5 46. Ke4 Ba6
1/2-1/2

[Event "Weekend Accademia"]
[Site "Roma ITA"]
[Date "1996.??.??"]
[Round "5"]
[White "Melega, Gianluigi"]
[Black "Righetti, Gianfranco"]
[Result "0-1"]
[WhiteElo "1513"]
[BlackElo "1594"]
[PlyCount "92"]
[EventDate "1996.??.??"]

1. g4 d5 2. Bg2 c6 3. c4 dxc4 4. b3 Bxg4 5. bxc4 Qd4 6. Nc3 Qxc4 7. Rb1 Bc8 8.
d3 Qxc3+ 9. Bd2 Qf6 10. Nf3 e6 11. Bg5 Qg6 12. Rg1 Be7 13. Bd2 Qh5 14. Qb3 Nf6
15. Bb4 Qd5 16. Qb2 Bxb4+ 17. Qxb4 Na6 18. Qb2 Qa5+ 19. Kf1 O-O 20. Nd2 Qf5 21.
e4 Qf4 22. Bf3 e5 23. Rg3 Nc5 24. Ke2 Ne6 25. Rbg1 Nd4+ 26. Ke1 g6 27. Bd1 b6
28. h4 h5 29. Nf3 c5 30. Nxd4 cxd4 31. Qb3 Kg7 32. Qb5 Bg4 33. f3 Bd7 34. Qb4
Rac8 35. Qd6 Qe3+ 36. Kf1 Qxd3+ 37. Kg2 Qe3 38. Kh1 Qh6 39. Qxe5 Rfe8 40. Qxd4
Qf4 41. Bb3 Rc1 42. Rxc1 Qxc1+ 43. Rg1 Qf4 44. Qd1 Qxh4+ 45. Kg2 Bh3+ 46. Kh1
Bf1# 0-1

[Event "Weekend Accademia"]
[Site "Roma ITA"]
[Date "1996.??.??"]
[Round "5"]
[White "Michelena, Rodolfo"]
[Black "Simeoni, Matteo"]
[Result "1-0"]
[WhiteElo "1810"]
[BlackElo "1794"]
[PlyCount "81"]
[EventDate "1996.??.??"]

1. d4 f5 2. c4 e6 3. g3 Bb4+ 4. Bd2 Be7 5. Bg2 Nf6 6. Nc3 O-O 7. Nh3 d6 8. Qc2
Nc6 9. e3 Qe8 10. a3 Bd8 11. O-O e5 12. d5 Ne7 13. Qd1 Ng6 14. f4 e4 15. b4 Nd7
16. Nb5 a6 17. Nd4 Nb6 18. Qe2 Bf6 19. Rab1 Bd7 20. Bc3 Na4 21. Ba1 Ne7 22.
Rfc1 Qg6 23. Nb3 h5 24. Bxf6 Rxf6 25. Ng5 Qe8 26. h4 g6 27. Qd2 Nb6 28. Qc3 Qf8
29. Nd4 Rc8 30. Bf1 c6 31. dxc6 Nxc6 32. Nxc6 Rxc6 33. Qd4 Qd8 34. Be2 Rf8 35.
Bd1 Qc8 36. Bb3 d5 37. c5 Rd8 38. Rd1 Nc4 39. Qxd5+ Be6 40. Qxd8+ Kg7 41. Kg2
1-0

[Event "Weekend Accademia"]
[Site "Roma ITA"]
[Date "1996.??.??"]
[Round "5"]
[White "Mondello, Gabriele"]
[Black "Rossi De Gasperis, Pietro"]
[Result "1-0"]
[WhiteElo "1789"]
[BlackElo "1833"]
[PlyCount "101"]
[EventDate "1996.??.??"]

1. f4 c5 2. b3 d5 3. e3 Nc6 4. Bb5 Bd7 5. Nf3 a6 6. Bxc6 Bxc6 7. Bb2 Nf6 8. O-O
e6 9. d3 Be7 10. Nbd2 O-O 11. Ne5 Qc7 12. a4 b5 13. axb5 axb5 14. Qe2 Rxa1 15.
Rxa1 Ra8 16. Qe1 Bb7 17. Rxa8+ Bxa8 18. Qa1 Qb7 19. Ndf3 h6 20. Qa5 Kf8 21. Kf1
Ke8 22. b4 d4 23. e4 Nd7 24. Nxd7 Kxd7 25. bxc5 Bxc5 26. Bxd4 Bf8 27. Qc3 f6
28. Bc5 Qc6 29. Qd4+ Bd6 30. Bxd6 Qxd6 31. Qa7+ Qc7 32. Qxa8 Qxc2 33. Qa7+ Ke8
34. Qb8+ Kf7 35. Qxb5 Qc1+ 36. Ke2 Qxf4 37. Qd7+ Kg6 38. Qxe6 Qc7 39. Qf5+ Kf7
40. Qd5+ Kg6 41. Qc4 Qb7 42. Qc2 Qb5 43. Kf2 Qb6+ 44. d4 Kf7 45. h3 h5 46. Kg1
g5 47. Qd1 Qa7 48. Nxg5+ fxg5 49. Qxh5+ Kg7 50. Qxg5+ Kf8 51. Qc5+ 1-0

[Event "Weekend Accademia"]
[Site "Roma ITA"]
[Date "1996.??.??"]
[Round "5"]
[White "Pantano, Fulvio"]
[Black "Morales, Alessandro"]
[Result "1-0"]
[WhiteElo "1636"]
[BlackElo "1540"]
[PlyCount "105"]
[EventDate "1996.??.??"]

1. e4 c5 2. Nf3 Nc6 3. c3 e5 4. Bb5 d6 5. h3 h6 6. d4 exd4 7. cxd4 Qa5+ 8. Nc3
a6 9. Bxc6+ bxc6 10. dxc5 dxc5 11. O-O Be7 12. e5 Be6 13. Qe2 Rd8 14. Bf4 Qb6
15. Rfd1 a5 16. b3 Qb4 17. Rxd8+ Bxd8 18. Ne4 Ne7 19. Nd6+ Kf8 20. Bd2 Qb6 21.
Rd1 Nd5 22. Qe1 Nb4 23. Nc4 Bxc4 24. bxc4 Nxa2 25. Bxa5 Qxa5 26. Qxa5 Bxa5 27.
Ra1 Ke7 28. Rxa2 Ra8 29. Nd2 Ra7 30. f4 Bb6 31. Rxa7+ Bxa7 32. Kf2 f6 33. exf6+
Kxf6 34. g4 Ke6 35. Kf3 Bb8 36. Ne4 Ba7 37. h4 g6 38. Nd2 Bb8 39. Ke4 Bd6 40.
Nf3 Be7 41. Ne5 Bxh4 42. Nxg6 Bf6 43. Ne5 Kd6 44. Nf7+ Ke6 45. Nxh6 Bh8 46. g5
Bg7 47. f5+ Ke7 48. Ng4 Bd4 49. Ne5 Bb2 50. f6+ Ke6 51. f7 Ke7 52. g6 Kf8 53.
Nd7+ 1-0

[Event "Weekend Accademia"]
[Site "Roma ITA"]
[Date "1996.??.??"]
[Round "5"]
[White "Petruccioli, Antonio"]
[Black "Cialdea, Alberto"]
[Result "1-0"]
[WhiteElo "2007"]
[BlackElo "1900"]
[PlyCount "105"]
[EventDate "1996.??.??"]

1. e4 c5 2. Nf3 d6 3. d4 cxd4 4. Qxd4 Nc6 5. Bb5 Bd7 6. Bxc6 Bxc6 7. c4 Nf6 8.
Nc3 g6 9. Qd3 Bg7 10. Nd4 O-O 11. Rb1 Nd7 12. Be3 Qc8 13. O-O Ne5 14. Qe2 Bd7
15. Nd5 Re8 16. Nb5 Bxb5 17. cxb5 Qd7 18. b6 Rec8 19. bxa7 Nc4 20. b3 e6 21.
bxc4 exd5 22. cxd5 Bf6 23. Rb3 Bd8 24. Qb2 b6 25. Bxb6 Bxb6 26. Rxb6 Rxa7 27.
Rb8 Qc7 28. Rb1 Ra8 29. Rxa8 Rxa8 30. a3 Qc4 31. Qb4 Qa2 32. f3 Rxa3 33. Rc1
Ra8 34. Qxd6 Qd2 35. Qc5 Rd8 36. Qc3 Qf4 37. g3 Qb8 38. Qc7 Qa8 39. d6 Kg7 40.
Qc3+ Kg8 41. Ra1 Qb8 42. Qc7 Qxc7 43. dxc7 Rc8 44. Rc1 Kf8 45. Kf2 Ke7 46. Ke3
Kd7 47. Kf4 f6 48. h4 h6 49. h5 gxh5 50. Kf5 Ke7 51. Rc4 Kf7 52. Rc6 h4 53.
gxh4 1-0

[Event "Weekend Accademia"]
[Site "Roma ITA"]
[Date "1996.??.??"]
[Round "5"]
[White "Pezzaldi, Roberto"]
[Black "Macchia, Giovanni"]
[Result "1-0"]
[WhiteElo "2013"]
[BlackElo "1657"]
[PlyCount "75"]
[EventDate "1996.??.??"]

1. c4 c6 2. Nf3 Nf6 3. g3 d5 4. b3 Bg4 5. Bg2 e6 6. Bb2 Nbd7 7. O-O Bd6 8. d3
O-O 9. Nbd2 Qc7 10. Rc1 Ne5 11. c5 Nxf3+ 12. exf3 Be7 13. fxg4 Nd7 14. b4 e5
15. Nf3 a5 16. a3 axb4 17. axb4 Ra2 18. Qb3 Rfa8 19. Ra1 Rxa1 20. Rxa1 Rf8 21.
Re1 d4 22. Nxd4 Nf6 23. Nf5 Nxg4 24. h3 Nf6 25. Bxe5 Qd7 26. Nxe7+ Qxe7 27. Qc3
Re8 28. Re3 Nh5 29. Bd6 Qd7 30. Rxe8+ Qxe8 31. Qe5 Nf6 32. Qxe8+ Nxe8 33. d4
Nf6 34. Be7 Nd7 35. d5 cxd5 36. Bxd5 b5 37. c6 Nb6 38. c7 1-0

[Event "Weekend Accademia"]
[Site "Roma ITA"]
[Date "1996.??.??"]
[Round "5"]
[White "Piancatelli, Marco"]
[Black "Gardon, Ermanno"]
[Result "1/2-1/2"]
[WhiteElo "1870"]
[BlackElo "1716"]
[PlyCount "67"]
[EventDate "1996.??.??"]

1. e4 e6 2. d4 d5 3. Nc3 Nf6 4. Bg5 Bb4 5. a3 Bxc3+ 6. bxc3 dxe4 7. f3 Qd5 8.
Qd2 c5 9. Bxf6 gxf6 10. fxe4 Qxe4+ 11. Be2 cxd4 12. O-O-O Qe3 13. cxd4 Qxa3+
14. Kb1 Nc6 15. d5 Qb4+ 16. Qxb4 Nxb4 17. Bb5+ Bd7 18. Bxd7+ Kxd7 19. dxe6+
Kxe6 20. Nf3 Nc6 21. Rhe1+ Ne5 22. Nd4+ Ke7 23. Nf5+ Ke6 24. Nd4+ Ke7 25. Nf5+
Kf8 26. Rd6 Re8 27. Rxf6 Ng4 28. Rxf7+ Kxf7 29. Nd6+ Kg6 30. Nxe8 Rf8 31. h3
Nf6 32. Nxf6 Rxf6 33. Re7 Rf7 34. Re5 1/2-1/2

[Event "Weekend Accademia"]
[Site "Roma ITA"]
[Date "1996.??.??"]
[Round "5"]
[White "Primiceri, Nunzio"]
[Black "De Vita, Gianni"]
[Result "1/2-1/2"]
[WhiteElo "2150"]
[BlackElo "2090"]
[PlyCount "68"]
[EventDate "1996.??.??"]

1. d4 d5 2. c4 Bf5 3. cxd5 Bxb1 4. Qa4+ Qd7 5. Qxd7+ Nxd7 6. Rxb1 Ngf6 7. Nf3
Nb6 8. e3 Nbxd5 9. Bd2 e6 10. a3 Be7 11. Bd3 O-O 12. Ke2 c5 13. dxc5 Bxc5 14.
e4 Nb6 15. Rhc1 Rac8 16. b4 Be7 17. Rxc8 Rxc8 18. Rc1 Rxc1 19. Bxc1 Nfd7 20. h3
Bf6 21. Kd2 Kf8 22. Kc2 h6 23. Kb3 Ke7 24. Be3 Nc8 25. a4 Kd6 26. Nd2 g5 27. f4
Bd8 28. g3 f6 29. Nc4+ Kc7 30. Bd4 Be7 31. a5 Nb8 32. Bc3 b5 33. Ne3 a6 34. f5
e5 1/2-1/2

[Event "Weekend Accademia"]
[Site "Roma ITA"]
[Date "1996.??.??"]
[Round "5"]
[White "Raccah, Ascer"]
[Black "Catena, Marco"]
[Result "0-1"]
[WhiteElo "1528"]
[BlackElo "1630"]
[PlyCount "144"]
[EventDate "1996.??.??"]

1. e4 e6 2. d4 d5 3. Nd2 Nf6 4. e5 Nfd7 5. Bd3 c5 6. c3 Nc6 7. Ngf3 Qb6 8. Qa4
Be7 9. O-O Qc7 10. Bb5 O-O 11. Bxc6 bxc6 12. Re1 Nb6 13. Qc2 Ba6 14. Nf1 cxd4
15. Nxd4 c5 16. Nf3 Nd7 17. Bg5 Rfe8 18. Bxe7 Rxe7 19. Ng5 Nf8 20. Ng3 f6 21.
exf6 gxf6 22. Nf3 e5 23. Nh5 Rf7 24. Qf5 Qd6 25. Nh4 Bc8 26. Qf3 Qe6 27. h3 Qc6
28. Nf5 Bxf5 29. Qxf5 Qe6 30. Qd3 e4 31. Qe3 Rc8 32. Nf4 Qc6 33. Rad1 Rd8 34.
Nh5 Re8 35. Qg3+ Kh8 36. Qf4 Re5 37. Ng3 Ng6 38. Qh6 f5 39. Qg5 f4 40. Qg4 fxg3
41. Qxg3 Qf6 42. Qe3 Rc7 43. b4 c4 44. a4 Nf4 45. f3 Nd3 46. Rf1 exf3 47. Qxf3
Qxf3 48. Rxf3 Kg8 49. Rdf1 Re1 50. Rg3+ Rg7 51. Rxg7+ Kxg7 52. Rxe1 Nxe1 53.
Kf2 Nd3+ 54. Ke3 Kf6 55. Kd4 Ke6 56. b5 Kd6 57. a5 Nf4 58. b6 Ne6+ 59. Ke3 axb6
60. a6 Kc7 61. g4 b5 62. a7 Kb7 63. a8=Q+ Kxa8 64. h4 h6 65. g5 hxg5 66. hxg5
Kb7 67. g6 Kc6 68. Kd2 Kc5 69. Kc2 d4 70. cxd4+ Kxd4 71. Kd2 c3+ 72. Kc2 b4 0-1

[Event "Weekend Accademia"]
[Site "Roma ITA"]
[Date "1996.??.??"]
[Round "5"]
[White "Russo, Massimiliano"]
[Black "Vannelli, Vittorio"]
[Result "0-1"]
[WhiteElo "1576"]
[BlackElo "1633"]
[PlyCount "73"]
[EventDate "1996.??.??"]

1. e4 e5 2. Nf3 Nc6 3. d4 exd4 4. Nxd4 Bc5 5. Be3 Qf6 6. Nf5 Bxe3 7. Nxe3 Nge7
8. Nc3 O-O 9. Bd3 Ne5 10. O-O c6 11. f4 Nxd3 12. Qxd3 Ng6 13. Ng4 Qh4 14. Qf3
d5 15. f5 d4 16. Ne2 h5 17. Nf2 Ne5 18. Qb3 c5 19. Ng3 g6 20. Nd3 Ng4 21. h3
Ne3 22. Rf3 c4 23. Qa4 cxd3 24. cxd3 Qd8 25. Ne2 Bd7 26. Qxd4 Nc2 27. Qd6 Nxa1
28. Qf4 Qf6 29. Qh6 Qg7 30. Qf4 Kh7 31. Rg3 Rac8 32. Nc3 Qh6 33. Qd6 Bc6 34.
Qe7 Kh8 35. Qf6+ Qg7 36. Qh4 Rfd8 37. Qxd8+ 0-1

[Event "Weekend Accademia"]
[Site "Roma ITA"]
[Date "1996.??.??"]
[Round "5"]
[White "Sciannamea, Valerio"]
[Black "Simeone, Giulio"]
[Result "1-0"]
[WhiteElo "1719"]
[BlackElo "1654"]
[PlyCount "81"]
[EventDate "1996.??.??"]

1. e4 g6 2. d4 Bg7 3. Nc3 b6 4. Be3 Bb7 5. Qd2 e6 6. O-O-O Nf6 7. f3 Nc6 8. g4
d6 9. Nge2 Qe7 10. Ng3 O-O-O 11. Bb5 Nd7 12. Rhe1 Rdf8 13. Kb1 Bf6 14. f4 Bg7
15. Qe2 Nf6 16. Ba6 Kb8 17. Bxb7 Kxb7 18. g5 Nd7 19. d5 Ncb8 20. Nb5 Nc5 21. f5
Be5 22. f6 Qd7 23. Bd4 Rd8 24. Bxe5 dxe5 25. d6 c6 26. Na3 b5 27. Qe3 Nba6 28.
h4 Ka8 29. Nf1 Nb7 30. Qg3 Nxd6 31. Qxe5 Qc7 32. Ne3 Nb7 33. Qxc7 Nxc7 34. Ng4
Nd6 35. Ne5 Nxe4 36. Nxf7 Rxd1+ 37. Rxd1 Rf8 38. Rd8+ Rxd8 39. Nxd8 Nc5 40.
Nxc6 Kb7 41. Ne5 1-0

[Event "Weekend Accademia"]
[Site "Roma ITA"]
[Date "1996.??.??"]
[Round "5"]
[White "Scipioni, Gaetano"]
[Black "De Blasio, Alessandro"]
[Result "0-1"]
[WhiteElo "1525"]
[BlackElo "1543"]
[PlyCount "70"]
[EventDate "1996.??.??"]

1. e4 e5 2. Nf3 Nc6 3. d4 exd4 4. Bc4 Nf6 5. O-O Be7 6. Re1 Nxe4 7. Bxf7+ Kxf7
8. Rxe4 Rf8 9. Nxd4 Nxd4 10. Qxd4 d5 11. Re1 c5 12. Qe3 d4 13. Qb3+ Ke8 14. Bg5
Rf7 15. Nd2 Kf8 16. Bxe7+ Rxe7 17. Nf3 Bf5 18. Rxe7 Qxe7 19. Re1 Qf7 20. Qa3
Qc4 21. c3 d3 22. Re5 Kg8 23. Rxf5 Re8 24. Qb3 Qxb3 25. axb3 Re1+ 26. Nxe1 d2
27. Kf1 d1=Q 28. Rxc5 Qxb3 29. Nd3 Qd1+ 30. Ne1 Qd6 31. Rc8+ Kf7 32. Nf3 Qd3+
33. Ke1 Qb1+ 34. Ke2 Qxb2+ 35. Nd2 a5 0-1

[Event "Weekend Accademia"]
[Site "Roma ITA"]
[Date "1996.??.??"]
[Round "5"]
[White "Sebasti, Alessandro"]
[Black "Luna, Giovanni"]
[Result "1/2-1/2"]
[WhiteElo "1564"]
[BlackElo "1564"]
[PlyCount "145"]
[EventDate "1996.??.??"]

1. b3 Nc6 2. Bb2 e5 3. e4 Bc5 4. Nf3 d6 5. Be2 Nf6 6. Nc3 O-O 7. d3 h6 8. h3
Nh7 9. Nd5 Be6 10. c4 Ng5 11. a3 a5 12. Rc1 Nxf3+ 13. Bxf3 Nd4 14. b4 axb4 15.
axb4 Ba7 16. c5 c6 17. Ne3 dxc5 18. bxc5 Nb3 19. Rc3 Nxc5 20. O-O Nd7 21. Ng4
Bd4 22. Qd2 Ra2 23. Rb1 Qa5 24. Rc2 Qa4 25. Bxd4 Qxc2 26. Qxc2 Rxc2 27. Nxe5
Nxe5 28. Bxe5 b5 29. Bd6 Rd8 30. e5 Rd7 31. Ra1 Bd5 32. Bxd5 cxd5 33. d4 f6 34.
f4 Kf7 35. Re1 Ke6 36. f5+ Kxf5 37. e6 Rxd6 38. e7 Rc8 39. e8=Q Rxe8 40. Rxe8
Rc6 41. Re2 Rc4 42. Rb2 b4 43. Rd2 b3 44. Rb2 Ke4 45. Rxb3 Rxd4 46. Kf2 Rd2+
47. Kf1 d4 48. g3 d3 49. Ke1 Ke3 50. Rb7 Re2+ 51. Kd1 Rh2 52. Re7+ Kd4 53. h4
Kc3 54. Rc7+ Kd4 55. Rd7+ Ke3 56. Re7+ Kf3 57. Rxg7 Ke3 58. Re7+ Kf3 59. Rg7 f5
60. Rg6 Rg2 61. Rxh6 Rxg3 62. Kd2 Kg4 63. Rh8 Rh3 64. h5 Rxh5 65. Rg8+ Rg5 66.
Rd8 f4 67. Rxd3 Ra5 68. Ke2 Ra2+ 69. Kf1 f3 70. Rd8 Kf4 71. Rf8+ Ke3 72. Re8+
Kd4 73. Re7 1/2-1/2

[Event "Weekend Accademia"]
[Site "Roma ITA"]
[Date "1996.??.??"]
[Round "5"]
[White "Tommasini, Enzo"]
[Black "Moroni, Marco"]
[Result "1-0"]
[WhiteElo "2075"]
[BlackElo "1842"]
[PlyCount "115"]
[EventDate "1996.??.??"]

1. d4 d5 2. c4 e5 3. dxe5 d4 4. e4 Nc6 5. f4 f6 6. Nf3 fxe5 7. f5 Nf6 8. Bg5 h6
9. Bh4 Be7 10. Bxf6 Bxf6 11. Bd3 Qe7 12. a3 Bxf5 13. exf5 e4 14. O-O exf3 15.
Re1 Be5 16. Nd2 f2+ 17. Kxf2 O-O-O 18. Nf3 Qf6 19. b4 Rhe8 20. Ra2 Bf4 21. g3
Be3+ 22. Kg2 Ne5 23. Nxe5 Rxe5 24. b5 Rde8 25. Qf3 Qd6 26. Qg4 Qf6 27. a4 Bg5
28. Rxe5 Rxe5 29. Re2 Rxe2+ 30. Bxe2 Be3 31. Qe4 Qf8 32. Bf3 Kd8 33. Qd5+ Ke7
34. Qe6+ Kd8 35. Bxb7 Qe8 36. Qc8+ Ke7 37. Qxc7+ Kf8 38. Bd5 d3 39. Qd6+ Qe7
40. Qb8+ Qe8 41. Qxe8+ Kxe8 42. Kf3 Bd4 43. Be4 d2 44. Ke2 Bc3 45. c5 Kd8 46.
Bc2 Kc7 47. Kd3 Bb4 48. Kd4 Ba3 49. Bd1 Bb2+ 50. Kc4 Ba3 51. a5 Kd7 52. b6 axb6
53. axb6 Bb2 54. Kd5 Bf6 55. c6+ Kc8 56. Kd6 Bd8 57. c7 Bf6 58. Kc6 1-0

[Event "Weekend Accademia"]
[Site "Roma ITA"]
[Date "1996.??.??"]
[Round "5"]
[White "Verrascina, Nicola"]
[Black "Togni, Giampiero"]
[Result "0-1"]
[WhiteElo "2090"]
[BlackElo "1710"]
[PlyCount "70"]
[EventDate "1996.??.??"]

1. e4 g6 2. d4 Bg7 3. Nc3 c5 4. d5 d6 5. f4 Nf6 6. e5 dxe5 7. fxe5 Ng4 8. Bb5+
Kf8 9. Nf3 Nxe5 10. O-O Bg4 11. Be2 Bxf3 12. Bxf3 Nbd7 13. Bf4 h6 14. d6 exd6
15. Qxd6+ Qe7 16. Qd5 Kg8 17. Rfe1 Re8 18. Qxb7 Nxf3+ 19. Qxf3 Bd4+ 20. Kf1 Qf8
21. Rxe8 Qxe8 22. Re1 Qd8 23. Nd5 Kg7 24. c3 Bf6 25. Rd1 Qc8 26. Nxf6 Nxf6 27.
Rd6 Qf5 28. Bc1 Qe5 29. Qf4 Qe7 30. Rd1 g5 31. Qd6 Qe4 32. Re1 Qf5+ 33. Kg1 Ne4
34. Qd1 Qf2+ 35. Kh1 Rd8 0-1